000 00436nam a2200205Ia 4500
001 12878
003 GE_BSU
008 181216s||||||||xx |||||||||||||| ||und||
020 _a0552138398
040 _cGE_BSU
080 _a821.111-32
100 _aGoddard,Robert.
245 _aHand in Glove.
260 _aLondon.
260 _bCorgi Books.
260 _c1992
300 _a526p;18cm.
653 _aHand in Glove.
942 _cBK
999 _c46048
_d46048